|
|
|
|
| LEADER |
00000nam0a2200000 4500 |
| 001 |
23619 |
| 005 |
20231030195825.0 |
| 010 |
|
|
|a 5020224677
|
| 035 |
|
|
|a (RuTPU)RU\TPU\book\23840
|
| 035 |
|
|
|a BOOK00023913
|
| 090 |
|
|
|a 23619
|
| 100 |
|
|
|a 20011209d1991 m y0rusy50 ca
|
| 101 |
0 |
|
|a eng
|a rus
|
| 102 |
|
|
|a RU
|
| 105 |
|
|
|a y e 000zy
|
| 200 |
1 |
|
|a Русско-английский научно-технический словарь переводчика
|d Russian-English Translator s Dictionary
|f М. Циммерман, К. Веденеева
|
| 210 |
|
|
|a Москва
|c Наука
|d 1991
|
| 215 |
|
|
|a 742 с.
|
| 510 |
1 |
|
|a Russian-English Translator s Dictionary
|z eng
|
| 610 |
1 |
|
|a английский язык
|
| 610 |
1 |
|
|a словари
|
| 610 |
1 |
|
|a лексика
|
| 610 |
1 |
|
|a переводы
|
| 610 |
1 |
|
|a научная литература
|
| 610 |
1 |
|
|a техническая литература
|
| 675 |
|
|
|a 62(03)
|v 3
|
| 686 |
|
|
|a Ш143.21-43
|v LBC/SL-A
|2 rubbk
|
| 700 |
|
1 |
|a Циммерман
|b М.
|g Михаил
|
| 701 |
|
1 |
|a Веденеева
|b К.
|g Клавдия
|
| 801 |
|
0 |
|a RU
|b 63413507
|c 20011209
|g PSBO
|
| 801 |
|
2 |
|a RU
|b 63413507
|c 20130911
|g PSBO
|
| 942 |
|
|
|c BK
|